| 000 | 00441 a2200157 4500 | ||
|---|---|---|---|
| 003 | OSt | ||
| 005 | 20240110152031.0 | ||
| 008 | 240110b |||||||| |||| 00| 0 eng d | ||
| 020 | _a9789382581734 | ||
| 040 | _coclc | ||
| 082 |
_a297 _bRAS/N |
||
| 245 | _aNastikatha Islam Samvadam M M Akbar v/s E A Jabbar / | ||
| 260 |
_aKerala: _bDa'wa books, _c2021. |
||
| 300 | _a530p | ||
| 942 |
_2ddc _cBK _h297 _iRAS/N _k297 _mRAS/N |
||
| 999 |
_c43060 _d43060 |
||